Peanuts / (Record no. 47806)
| 000 -LEADER | |
|---|---|
| fixed length control field | 01102cam a2200193 i 4500 |
| 001 - CONTROL NUMBER | |
| control field | 19408424 |
| 008 - FIXED-LENGTH DATA ELEMENTS--GENERAL INFORMATION | |
| fixed length control field | 161215r20151952enka 6 000 1 eng d |
| 020 ## - INTERNATIONAL STANDARD BOOK NUMBER | |
| International Standard Book Number | 9781782761556 (pbk.) |
| 020 ## - INTERNATIONAL STANDARD BOOK NUMBER | |
| International Standard Book Number | 1782761551 (pbk.) |
| 100 1# - MAIN ENTRY--PERSONAL NAME | |
| Personal name | Schulz, Charles M. |
| Fuller form of name | (Charles Monroe), |
| Dates associated with a name | 1922-2000, |
| Relator term | author, |
| -- | illustrator. |
| 245 10 - TITLE STATEMENT | |
| Title | Peanuts / |
| Statement of responsibility, etc | Charles M. Schulz. |
| 260 ## - PUBLICATION, DISTRIBUTION, ETC. (IMPRINT) | |
| Place of publication, distribution, etc | London: |
| Name of publisher, distributor, etc | Titan Comics, |
| Date of publication, distribution, etc | 2015. |
| 300 ## - PHYSICAL DESCRIPTION | |
| Extent | 1 volume (unpaged) : |
| Other physical details | black & white illustrations ; |
| Dimensions | 20 cm. |
| 500 ## - GENERAL NOTE | |
| General note | "Originally published in 1952 by Rhinehart & Co. Incorporated, New York & Toronto". |
| 520 ## - SUMMARY, ETC. | |
| Summary, etc | This collection contains 240 Peanuts strips taken from 1950 -1952 and introduces several of the comic strip's famous and familiar characters, including Charlie Brown, Snoopy, Lucy, Linus, Patty, Sherman, Schroeder and Violet. The strip's bitter-sweet humour and child-like innocence helped to cement the Peanuts comic strip's popularity and secure its reputation as a true, one-of-a-kind, timeless classic. |
| 650 #0 - SUBJECT ADDED ENTRY--TOPICAL TERM | |
| Topical term or geographic name as entry element | American wit and humor, Pictorial. |
| 655 #0 - INDEX TERM--GENRE/FORM | |
| Genre/form data or focus term | Comic books, strips, etc. |
| 942 ## - ADDED ENTRY ELEMENTS (KOHA) | |
| Source of classification or shelving scheme | |
| Koha item type | Books/GRAPHICS |
| Withdrawn status | Lost status | Source of classification or shelving scheme | Damaged status | Not for loan | Collection code | Home library | Current library | Date acquired | Total Checkouts | Full call number | Barcode | Checked out | Date last seen | Date checked out | Price effective from | Koha item type |
|---|---|---|---|---|---|---|---|---|---|---|---|---|---|---|---|---|
| SECONDARY | Asian Hope Secondary Library | Asian Hope Secondary Library | 11/06/2024 | 27 | J GRAPHIX SCH | 206667 | 05/05/2026 | 04/28/2026 | 04/28/2026 | 11/06/2024 | Books/GRAPHICS |